000 01476cam a2200349 a 4500
001 511
005 20230511152127.0
008 060615s2006 nyua j 000 0beng
020 _a9780060576196 (trade)
020 _a9780060576189
020 _a0060576197 (trade)
020 _a9780060576189 (pbk.)
020 _a0060576189 (pbk.)
040 _aDLC
_cDLC
_dDLC
_dFISKH
_beng
050 0 0 _aTK6143.B4
_bA44 2006
082 0 0 _a621.385092
_aB
_222
100 _aMicklos, John
_cJr.
245 0 0 _aAlexander Graham Bell :
_binventor of the telephone /
_cby the editors of TIME for kids with John Micklos, Jr.
250 _a1st ed.
260 _aNew York :
_bHarperCollins Publishers,
_c2006.
300 _a44 pages :
_bcolor illustrations ;
_c23 cm.
490 0 _aTime for kids biographies
505 _aM
520 _aTake a close-up look at Alexander Graham Bell, an inventor and teacher of the deaf. Interviews with experts and lively writing deliver the accurate reporting you expect from TIME For Kids. Historical and contemporary photographs capture the life of this compassionate man and show how his innovative inventions still help us today.
521 1 _a780
_bLexile
521 1 _aM
_bRaz-Plus
650 0 _aInventors
_zUnited States
_vBiography
_vJuvenile literature.
650 0 _aTelephone
_zUnited States
_xHistory
_vJuvenile literature.
700 1 _aMicklos, John,
_cJr.
906 _a7
_bcbc
_corignew
_d1
_eecip
_f20
_gy-gencatlg
942 _2ddc
_cBK
_n0
999 _c511
_d511